Chmeľ jeho pestovanie a agrotechnika

Bibliographic Details
Main Author: Slavík, R. (Author)
Format: Book
Language:Slovak
PhysicalDescription:42, [2] s. 8°
Published: Bratislava Povereníctvo poľnohospodárstva a lesného hospodárstva 1959
Series:Poľnohospodárske aktuality
Subjects:

MARC

LEADER 00000nam a2200000 a 4500
001 vtls008343037
003 SK-MaSNL
005 20260302041424.0
008 181127s1959 xo 000 slo
015 |a SKSNBA1959/07-01125 
035 |a SK01SNK19590035254 
035 |a SKM000037717 
040 |a SNK  |b slo  |c SNK  |e AACR2 
041 1 |a slo 
044 |a xo  |c SK 
080 |a 633.791(041)  |2 1981 
100 1 |a Slavík, R.  |4 aut  |9 469932 
245 1 0 |a Chmeľ  |b jeho pestovanie a agrotechnika  |c [autor:] R. Slavík 
260 |a Bratislava  |b Povereníctvo poľnohospodárstva a lesného hospodárstva  |c 1959  |e Nitra  |f Západoslovenské tlačiarne 
300 |a 42, [2] s.  |c 8° 
490 1 |a Poľnohospodárske aktuality  |v zv. 7 
500 |a Ilustr. 
500 |a Vyd. Pover. poľnohosp. a lesného hosp. 
563 |a 2100 výtl. 
650 0 7 |a chmeľ  |x pestovanie  |x agrotechnika  |x príručky  |2 SNK  |9 469933 
655 7 |a príručky  |2 SNKPH  |9 74364 
830 0 |a Poľnohospodárske aktuality  |9 307390 
852 |a Slovenská národná knižnica v Martine  |b 10000  |h SC 17031 
852 |a Slovenská národná knižnica v Martine  |b 10000  |h SC 17031 D1 
958 |a OND 
958 |a TL 
958 |a RK 
958 |a BQ 
999 |c 1078749  |d 1080679 
952 |a SNK  |b SNK  |y PREZ  |7 0  |p 17A0614980  |o snkSD 17031  |i snkKSP 1277/59  |0 0  |1 0  |4 0  |d 2009-03-07  |l 0  |r 2025-12-01 00:00:00  |w 2026-02-24